[Event "Prazsky pohar 2007"]
[Site "Praha"]
[Date "2007.10.09"]
[Round "1"]
[White "Blumel, Otto"]
[Black "Sodoma, Jan"]
[Result "0-1"]
[WhiteElo "2213"]
[BlackElo "2328"]
[PlyCount "50"]
[EventDate "2007.09.??"]
[EventType "swiss"]
[EventRounds "9"]
[EventCountry "CZE"]
[SourceDate "2007.10.10"]

1. e4 e5 2. Nf3 Nc6 3. Bc4 Nf6 4. O-O Nxe4 5. d4 d5 6. Re1 Bg4 7. Bb5 Be7 8.
dxe5 O-O 9. Bxc6 bxc6 10. h3 Bh5 11. Nc3 Bb4 12. Qd3 Bg6 13. Qe3 Re8 14. Rf1
Bxc3 15. bxc3 f6 16. Nd4 Qd7 17. exf6 Nxf6 18. Qf3 c5 19. Nb3 c4 20. Nd4 c5 21.
Ne2 Be4 22. Qg3 Bxg2 23. Qxg2 Rxe2 24. Be3 Ne4 25. Rad1 Re8 0-1

[Event "Prazsky pohar 2007"]
[Site "Praha"]
[Date "2007.10.09"]
[Round "1"]
[White "Kubecka, David"]
[Black "Haba, Zdenek"]
[Result "1-0"]
[WhiteElo "2271"]
[BlackElo "2201"]
[PlyCount "95"]
[EventDate "2007.09.??"]
[EventType "swiss"]
[EventRounds "9"]
[EventCountry "CZE"]
[SourceDate "2007.10.10"]

1. e4 e5 2. Nf3 Nc6 3. Bb5 a6 4. Ba4 Nf6 5. O-O Be7 6. Re1 b5 7. Bb3 d6 8. c3
O-O 9. h3 Na5 10. Bc2 d5 11. Nxe5 dxe4 12. b4 Qd5 13. d4 Nc4 14. Bg5 Nxe5 15.
Bxf6 Nf3+ 16. Qxf3 exf3 17. Bxe7 Be6 18. Be4 Qh5 19. Bxf3 Qg6 20. Bxf8 Rxf8 21.
Nd2 Bxh3 22. Ne4 Bg4 23. Bxg4 Qxg4 24. a4 f5 25. Nc5 f4 26. f3 Qg6 27. axb5
axb5 28. Re4 Qd6 29. Re5 h6 30. Ra6 c6 31. Ra7 Kh8 {(=)} 32. Ree7 Rg8 33. Ne4
Qg6 34. Rf7 Qe6 35. Rxf4 Qb3 36. Kh2 Qd5 37. Rff7 Qh5+ 38. Kg3 Qg6+ 39. Kf2 Re8
40. Rf4 Qe6 41. Rff7 Qg6 42. Rae7 Rxe7 43. Rxe7 Qh5 44. Re5 Qh4+ 45. Ng3 Qf4
46. Rc5 Qd2+ 47. Ne2 Qg5 48. Rxg5 1-0

[Event "Prazsky pohar 2007"]
[Site "Praha"]
[Date "2007.10.09"]
[Round "1"]
[White "Pirklova, Hana"]
[Black "Seleljo, Daniel"]
[Result "0-1"]
[WhiteElo "2181"]
[BlackElo "2259"]
[PlyCount "114"]
[EventDate "2007.09.??"]
[EventType "swiss"]
[EventRounds "9"]
[EventCountry "CZE"]
[SourceDate "2007.10.10"]

1. e4 g6 2. d4 Bg7 3. Be3 c6 4. Nc3 d5 5. Nf3 Bg4 6. Be2 e6 7. Qd2 Nd7 8. O-O
Ndf6 9. exd5 Bxf3 10. Bxf3 cxd5 11. Rae1 Ne7 12. g3 Rc8 13. Bg5 O-O 14. h4 Qb6
15. Qf4 Qc7 16. Qd2 Qb6 17. Qf4 Qc7 18. Qd2 Nf5 19. g4 Nd6 20. Qf4 Nc4 21. Qxc7
Rxc7 22. Nb5 Rd7 23. b3 Nd6 24. Nxd6 Rxd6 25. c3 b5 26. Rc1 Rc8 27. Rc2 Rdc6
28. Rfc1 h5 29. gxh5 Nxh5 30. Bxh5 gxh5 31. Be3 Kh7 32. Kf1 Bf8 33. Ke2 Ba3 34.
Rg1 f6 35. Kd3 Bb4 36. Bd2 Be7 37. f3 Bd6 38. Be1 Rg8 39. Rxg8 Kxg8 40. Rg2+
Kf7 41. Bd2 a5 42. Bh6 e5 43. dxe5 Bxe5 44. Bd2 a4 45. Rg1 axb3 46. axb3 Ra6
47. f4 Bb8 48. f5 Ra3 49. Kc2 Ra2+ 50. Kd3 Be5 51. Rg6 Rb2 52. b4 Ra2 53. Rg1
Ra8 54. Rg6 Ra2 55. Rg1 Ra3 56. Kc2 d4 57. cxd4 Bxd4 {
Dal je zapis necitelny. Cerny vyhral v 77. tahu.} 0-1

[Event "Prazsky pohar 2007"]
[Site "Praha"]
[Date "2007.10.09"]
[Round "1"]
[White "Soural, Jan"]
[Black "Smutny, Jan"]
[Result "1-0"]
[WhiteElo "2227"]
[BlackElo "2170"]
[PlyCount "57"]
[EventDate "2007.09.??"]
[EventType "swiss"]
[EventRounds "9"]
[EventCountry "CZE"]
[SourceDate "2007.10.10"]

1. c4 e5 2. Nc3 g6 3. d4 Nc6 4. d5 Nce7 5. d6 cxd6 6. Qxd6 Nc6 7. Qd1 Bg7 8.
Nb5 Nf6 9. Qd6 Qa5+ 10. Bd2 Qb6 11. Nc7+ Kd8 12. Nxa8 Qxb2 13. Rd1 Ne4 14. Qc7+
Ke7 15. f3 Nxd2 16. Rxd2 Qb4 17. e3 e4 18. Qf4 Bc3 19. Qxe4+ Kd8 20. Qc2 Re8
21. e4 Nd4 22. Qc1 f5 23. Bd3 fxe4 24. fxe4 d6 25. Nf3 Nxf3+ 26. gxf3 Bh3 27.
Ke2 Bxd2 28. Qxd2 Qa5 29. Qxa5+ 1-0

[Event "Prazsky pohar 2007"]
[Site "Praha"]
[Date "2007.10.09"]
[Round "1"]
[White "Siktanc, Petr"]
[Black "Srba, Milan"]
[Result "1/2-1/2"]
[WhiteElo "2162"]
[BlackElo "2225"]
[PlyCount "100"]
[EventDate "2007.09.??"]
[EventType "swiss"]
[EventRounds "9"]
[EventCountry "CZE"]
[SourceDate "2007.10.10"]

1. d4 Nf6 2. Nf3 d5 3. c4 c6 4. Nc3 e6 5. cxd5 exd5 6. Bg5 h6 7. Bh4 Bf5 8.
Bxf6 Qxf6 9. Qb3 b6 10. e3 Be7 11. Rc1 O-O 12. Be2 Nd7 13. O-O Qd6 14. Rfd1 Be6
15. Qc2 f5 16. Ne1 Nf6 17. Nd3 a6 18. Na4 b5 19. Nac5 Bc8 20. Ne5 Ra7 21. a4
Rc7 22. f4 Ne4 23. Nxe4 fxe4 24. axb5 axb5 25. Bxb5 c5 26. Be2 Qb6 27. b3 Bd6
28. Qb1 cxd4 29. Rxc7 Bxc7 30. exd4 Rxf4 31. Kh1 Rf2 32. Bh5 Bxe5 33. dxe5 d4
34. Qxe4 Bb7 35. Qg4 Rxg2 36. Qxg2 Bxg2+ 37. Kxg2 Qxb3 38. e6 Qxe6 39. Rd3 Qe4+
40. Rf3 Qe2+ 41. Kh3 g6 42. Rf8+ Kxf8 43. Bxe2 Ke7 44. Kg4 Kf6 45. Bd3 Kf7 46.
Kf4 Kf6 47. Bc2 Ke6 48. Bxg6 Kf6 49. Bd3 h5 50. h4 Kg7 1/2-1/2

[Event "Prazsky pohar 2007"]
[Site "Praha"]
[Date "2007.10.09"]
[Round "1"]
[White "Erneker, Josef"]
[Black "Ptak, Pavel"]
[Result "1-0"]
[WhiteElo "2217"]
[BlackElo "2137"]
[PlyCount "99"]
[EventDate "2007.09.??"]
[EventType "swiss"]
[EventRounds "9"]
[EventCountry "CZE"]
[SourceDate "2007.10.10"]

1. c4 e5 2. Nc3 Nf6 3. g3 Bc5 4. Bg2 O-O 5. e3 c6 6. Nge2 d5 7. d4 exd4 8. exd4
Bb4 9. cxd5 Nxd5 10. O-O Be6 11. Ne4 Nd7 12. Nf4 Nxf4 13. Bxf4 Bc4 14. Bg5 f6
15. Bf4 Nb6 16. Nc5 g5 17. Be3 Bxc5 18. dxc5 Bxf1 19. Qxf1 Nd5 20. Qc4 Kg7 21.
Bd4 Qd7 22. Rd1 Rad8 23. Bc3 Qf7 24. Ba5 b6 25. cxb6 Nxb6 26. Qxf7+ Kxf7 27.
Rc1 Rfe8 28. Bxc6 Re5 29. Bc3 Re6 30. Bf3 Kg6 31. h4 h5 32. hxg5 fxg5 33. Ba5
Rc8 34. Rd1 g4 35. Bb7 Rc7 36. Ba6 Rd7 37. Rc1 Red6 38. Kg2 Rf7 39. Bb4 Rdd7
40. Bb5 Rd8 41. Re1 h4 42. gxh4 Nd5 43. Bc5 Nf4+ 44. Kg3 Rf5 45. b4 Nh5+ 46.
Kxg4 Rf4+ 47. Kh3 Nf6 48. Rg1+ Kf7 49. Ba4 Rh8 50. Bb3+ 1-0

[Event "Prazsky pohar 2007"]
[Site "Praha"]
[Date "2007.10.09"]
[Round "1"]
[White "Plasek, Zdenek"]
[Black "Smid, Miroslav"]
[Result "1/2-1/2"]
[WhiteElo "2136"]
[BlackElo "2215"]
[PlyCount "135"]
[EventDate "2007.09.??"]
[EventType "swiss"]
[EventRounds "9"]
[EventCountry "CZE"]
[SourceDate "2007.10.10"]

1. c4 Nf6 2. Nc3 d5 3. d4 g6 4. e3 Bg7 5. Nf3 c5 6. Qb3 cxd4 7. exd4 dxc4 8.
Bxc4 O-O 9. Ne5 e6 10. Be3 Nbd7 11. Rd1 Nb6 12. Be2 Nfd5 13. O-O Nxe3 14. fxe3
Bxe5 15. dxe5 Qg5 16. Ne4 Qxe5 17. Nf6+ Kg7 18. Ng4 Qc5 19. Rc1 Qa5 20. e4 Qd2
21. Qf3 f5 22. Rc7+ Rf7 23. Rd1 Qxb2 24. Qf4 Bd7 25. exf5 exf5 26. Qe5+ Qxe5
27. Nxe5 Re7 28. Nxd7 Rd8 29. Bb5 a6 30. Rxb7 axb5 31. Rxb6 Rexd7 32. Rxd7+
Rxd7 33. Rxb5 Rd1+ 34. Kf2 Rd2+ 35. Kg3 Rxa2 36. h3 Ra3+ 37. Kf2 Kf6 38. Rb4
Kg5 39. g3 h6 40. Kg2 Ra2+ 41. Kf3 Ra5 42. Rc4 Re5 43. Ra4 Kh5 44. Rh4+ Kg5 45.
Ra4 Kf6 46. Ra6+ Re6 47. Ra5 g5 48. Rb5 Ra6 49. Rc5 Ra3+ 50. Kg2 Ra2+ 51. Kg1
Kg6 52. Rb5 Re2 53. Ra5 f4 54. gxf4 gxf4 55. Rb5 Kf6 56. Rh5 Kg6 57. Rb5 Re3
58. Kh2 Kf6 59. Rh5 Kg6 60. Rb5 h5 61. h4 Rg3 62. Ra5 Rg4 63. Kh3 f3 64. Ra3
Rf4 65. Ra1 Kf5 66. Kg3 f2 67. Rf1 Ke4 68. Rxf2 1/2-1/2

[Event "Prazsky pohar 2007"]
[Site "Praha"]
[Date "2007.10.16"]
[Round "2"]
[White "Sodoma, Jan"]
[Black "Soural, Jan"]
[Result "1-0"]
[WhiteElo "2328"]
[BlackElo "2227"]
[PlyCount "101"]
[EventDate "2007.09.??"]
[EventType "swiss"]
[EventRounds "9"]
[EventCountry "CZE"]
[SourceDate "2007.10.10"]

1. e4 g6 2. d4 Bg7 3. Nc3 d6 4. Be3 Nc6 5. f4 e6 6. Nf3 Nf6 7. e5 Nd5 8. Nxd5
exd5 9. Qd2 O-O 10. O-O-O f6 11. exf6 Qxf6 12. h3 Bf5 13. Rg1 Rae8 14. g4 Be4
15. Ng5 Ne7 16. Kb1 c6 17. Be2 Nc8 18. Rdf1 Qe7 19. Rg3 Nb6 20. b3 Nd7 21. Nxe4
dxe4 22. f5 d5 23. Bg5 Qd6 24. Bf4 Qe7 25. Bg5 Qd6 26. Rfg1 b5 27. h4 a5 28.
Bh6 a4 29. Bxg7 Kxg7 30. b4 Qc7 31. h5 Qd6 32. a3 Qf6 33. hxg6 hxg6 34. Qh6+
Kxh6 35. g5+ Kg7 36. gxf6+ Kxf6 37. Rxg6+ Kxf5 38. Bh5 Kf4 39. c3 Rc8 40. Rf1+
Ke3 41. Rg3+ Rf3 42. Bxf3 exf3 43. Rgxf3+ Ke4 44. Kc2 Rh8 45. R3f2 Rh3 46. Re2+
Re3 47. Rfe1 Rxe2+ 48. Rxe2+ Kf4 49. Re6 Nb6 50. Rxc6 Nc4 51. Rxc4 1-0

[Event "Prazsky pohar 2007"]
[Site "Praha"]
[Date "2007.10.16"]
[Round "2"]
[White "Seleljo, Daniel"]
[Black "Kubecka, David"]
[Result "1/2-1/2"]
[WhiteElo "2259"]
[BlackElo "2271"]
[PlyCount "75"]
[EventDate "2007.09.??"]
[EventType "swiss"]
[EventRounds "9"]
[EventCountry "CZE"]
[SourceDate "2007.10.10"]

1. d4 Nf6 2. Nf3 g6 3. g3 Bg7 4. Bg2 O-O 5. O-O d6 6. Nc3 Nbd7 7. e4 e5 8. d5
Nc5 9. Re1 a5 10. Nd2 Nh5 11. Nc4 Bd7 12. Be3 b6 13. a3 Qe8 14. Bf3 Nf6 15. Nd2
Kh8 16. Nb3 Nb7 17. a4 Qe7 18. Nb5 Bxb5 19. axb5 Nd7 20. Ra4 Ndc5 21. Nxc5 dxc5
22. h4 Nd6 23. c4 f5 24. b3 f4 25. Bc1 Bh6 26. Kg2 Rf7 27. Rh1 Raf8 28. g4 g5
29. hxg5 Bxg5 30. Kf1 Rf6 31. Ke2 Rh6 32. Rh5 Rxh5 33. gxh5 Rg8 34. Bb2 Bf6 35.
Qh1 h6 36. Kd3 Rg7 37. Ra1 Rg5 38. Qh3 1/2-1/2

[Event "Prazsky pohar 2007"]
[Site "Praha"]
[Date "2007.10.16"]
[Round "2"]
[White "Srba, Milan"]
[Black "Erneker, Josef"]
[Result "1/2-1/2"]
[WhiteElo "2225"]
[BlackElo "2217"]
[PlyCount "63"]
[EventDate "2007.09.??"]
[EventType "swiss"]
[EventRounds "9"]
[EventCountry "CZE"]
[SourceDate "2007.10.10"]

1. e4 c5 2. Nf3 d6 3. d4 cxd4 4. Nxd4 Nf6 5. Nc3 g6 6. Bc4 Bg7 7. O-O Nc6 8.
Re1 O-O 9. Bb3 Nxd4 10. Qxd4 Nd7 11. Qd3 Nc5 12. Qg3 a5 13. Bc4 Bd7 14. a4 Rc8
15. Qh4 Nxa4 16. Rxa4 Bxa4 17. e5 e6 18. Bg5 Qc7 19. Bd3 Bc6 20. exd6 Qxd6 21.
Be7 Qd4 22. Ne4 f5 23. Bc5 Bf6 24. Qf4 Be5 25. Qh4 fxe4 26. Bxd4 Bxd4 27. Rf1
exd3 28. Qxd4 dxc2 29. Qe3 Bd5 30. Rc1 Rc4 31. h4 Rfc8 32. h5 1/2-1/2

[Event "Prazsky pohar 2007"]
[Site "Praha"]
[Date "2007.10.16"]
[Round "2"]
[White "Smid, Miroslav"]
[Black "Siktanc, Petr"]
[Result "1-0"]
[WhiteElo "2215"]
[BlackElo "2162"]
[PlyCount "99"]
[EventDate "2007.09.??"]
[EventType "swiss"]
[EventRounds "9"]
[EventCountry "CZE"]
[SourceDate "2007.10.10"]

1. e4 e6 2. d4 d5 3. e5 c5 4. c3 Qb6 5. Nf3 Nc6 6. Be2 Nh6 7. b3 cxd4 8. cxd4
Nf5 9. Bb2 Bb4+ 10. Kf1 Be7 11. g3 Bd7 12. Kg2 O-O 13. Qd2 f6 14. g4 Nfxd4 15.
Bxd4 Nxd4 16. Qxd4 Bc5 17. Qd2 fxe5 18. Rf1 Bc6 19. Nc3 Rxf3 20. Bxf3 e4 21.
Be2 d4 22. Nxe4 Bxe4+ 23. f3 Bd5 24. Bd3 Rd8 25. Qe2 Bb4 26. Rad1 Bc3 27. Bc4
Qc6 28. Bxd5 Rxd5 29. Rf2 h5 30. Qe4 hxg4 31. fxg4 d3 32. Rf3 Ra5 33. Qxc6
Rxa2+ 34. Rf2 Rxf2+ 35. Kxf2 Bd4+ 36. Kf3 bxc6 37. Rxd3 c5 38. Ke4 Kf7 39. Rf3+
Kg6 40. Rf8 Kg5 41. Kf3 a5 42. Ra8 Bc3 43. h3 Be1 44. Re8 Kf6 45. Ke4 Bc3 46.
Rc8 Bd4 47. Rc6 Bf2 48. Rc8 Bd4 49. h4 Bf2 50. Rf8+ 1-0

[Event "Prazsky pohar 2007"]
[Site "Praha"]
[Date "2007.10.16"]
[Round "2"]
[White "Haba, Zdenek"]
[Black "Plasek, Zdenek"]
[Result "1/2-1/2"]
[WhiteElo "2201"]
[BlackElo "2136"]
[PlyCount "61"]
[EventDate "2007.09.??"]
[EventType "swiss"]
[EventRounds "9"]
[EventCountry "CZE"]
[SourceDate "2007.10.10"]

1. e4 c5 2. Nf3 e6 3. d4 cxd4 4. Nxd4 a6 5. Bd3 d6 6. O-O Nf6 7. Be3 Be7 8. Kh1
O-O 9. f4 Qc7 10. Nd2 Nc6 11. c3 Bd7 12. g4 e5 13. Nxc6 Qxc6 14. f5 d5 15. Qf3
Rac8 16. Rad1 Rfd8 17. g5 Nxe4 18. Nxe4 dxe4 19. Bxe4 Qxe4 20. Qxe4 Bc6 21.
Qxc6 bxc6 22. Kg2 f6 23. gxf6 gxf6 24. Kf3 Kf7 25. Ke4 Rxd1 26. Rxd1 Rd8 27.
Rg1 Bf8 28. Kf3 Rd3 29. Rg4 Bc5 30. Re4 Ke7 31. Ke2 1/2-1/2

[Event "Prazsky pohar 2007"]
[Site "Praha"]
[Date "2007.10.16"]
[Round "2"]
[White "Smutny, Jan"]
[Black "Blumel, Otto"]
[Result "0-1"]
[WhiteElo "2170"]
[BlackElo "2213"]
[PlyCount "66"]
[EventDate "2007.09.??"]
[EventType "swiss"]
[EventRounds "9"]
[EventCountry "CZE"]
[SourceDate "2007.10.10"]

1. e4 e5 2. Nf3 Nc6 3. Bb5 a6 4. Ba4 Nf6 5. O-O Be7 6. Re1 b5 7. Bb3 O-O 8. a4
b4 9. d4 exd4 10. e5 Ne8 11. Nxd4 Nxd4 12. Qxd4 Bb7 13. c3 a5 14. Qd3 Ra6 15.
Bd5 c6 16. Be4 g6 17. Bh6 Ng7 18. Rd1 Qb8 19. f4 Rd8 20. Bxg7 Kxg7 21. Qh3 d5
22. Bd3 Rb6 23. Nd2 Bc8 24. Qg3 f5 25. c4 b3 26. Nf3 Rb4 27. cxd5 Rxd5 28. Rac1
Qb6+ 29. Kh1 Rxa4 30. Nh4 Qd8 31. Nxg6 hxg6 32. Rxc6 Qe8 33. Rdc1 Qxc6 0-1

[Event "Prazsky pohar 2007"]
[Site "Praha"]
[Date "2007.10.16"]
[Round "2"]
[White "Ptak, Pavel"]
[Black "Pirklova, Hana"]
[Result "1/2-1/2"]
[WhiteElo "2137"]
[BlackElo "2181"]
[PlyCount "28"]
[EventDate "2007.09.??"]
[EventType "swiss"]
[EventRounds "9"]
[EventCountry "CZE"]
[SourceDate "2007.10.10"]

1. e4 e6 2. Nf3 d5 3. Nc3 c5 4. Bb5+ Bd7 5. Bxd7+ Qxd7 6. exd5 exd5 7. O-O d4
8. Re1+ Be7 9. Ne4 Kf8 10. b4 cxb4 11. a3 Nc6 12. axb4 Bxb4 13. Ba3 Bxa3 14.
Rxa3 Nge7 1/2-1/2

[Event "Prazsky pohar 2007"]
[Site "Praha"]
[Date "2007.10.22"]
[Round "3"]
[White "Kubecka, David"]
[Black "Sodoma, Jan"]
[Result "1/2-1/2"]
[WhiteElo "2271"]
[BlackElo "2328"]
[PlyCount "32"]
[EventDate "2007.09.??"]
[EventType "swiss"]
[EventRounds "9"]
[EventCountry "CZE"]
[SourceDate "2007.10.10"]

1. e4 e5 2. Nf3 Nc6 3. Bb5 a6 4. Ba4 Nf6 5. O-O Be7 6. Bxc6 dxc6 7. d3 Nd7 8.
b3 O-O 9. Bb2 f6 10. Nbd2 Nc5 11. d4 exd4 12. Nxd4 Bd6 13. f4 Ne6 14. Nxe6 Bxe6
15. Qe2 Qe7 16. Rae1 Rad8 1/2-1/2

[Event "Prazsky pohar 2007"]
[Site "Praha"]
[Date "2007.10.22"]
[Round "3"]
[White "Erneker, Josef"]
[Black "Seleljo, Daniel"]
[Result "0-1"]
[WhiteElo "2217"]
[BlackElo "2259"]
[PlyCount "108"]
[EventDate "2007.09.??"]
[EventType "swiss"]
[EventRounds "9"]
[EventCountry "CZE"]
[SourceDate "2007.10.10"]

1. c4 c6 2. Nc3 d5 3. cxd5 cxd5 4. d4 Nf6 5. Bg5 Nc6 6. e3 Qb6 7. Qd2 e6 8. Bd3
Bd7 9. Nge2 h6 10. Bh4 Be7 11. O-O g5 12. Bg3 Nh5 13. Nc1 f5 14. Be5 Nxe5 15.
dxe5 g4 16. Be2 Bc6 17. h3 Bg5 18. Nd1 d4 19. Qxd4 Qxd4 20. exd4 Bxc1 21. Rxc1
Nf4 22. Re1 gxh3 23. g3 Nxe2+ 24. Rxe2 h5 25. Ne3 Rd8 26. Rd2 Rh7 27. Kh2 h4
28. Nc4 hxg3+ 29. fxg3 Kf7 30. Na5 Bd5 31. Rc7+ Kg6 32. Rxh7 Kxh7 33. b3 b5 34.
Rc2 Rd7 35. Rc5 a6 36. Rc8 Bg2 37. Nc6 a5 38. a3 b4 39. a4 Kg6 40. Nd8 Bd5 41.
Nc6 Bxb3 42. Nxa5 Bd5 43. Rg8+ Kh5 44. Rb8 Ra7 45. Rb5 Kg4 46. Rc5 Kf3 47. Nc4
Rxa4 48. Kxh3 Ra8 49. Kh4 Rb8 50. Kg5 b3 51. Rxd5 exd5 52. Nd2+ Ke3 53. Nxb3
Rxb3 54. e6 Kxd4 0-1

[Event "Prazsky pohar 2007"]
[Site "Praha"]
[Date "2007.10.22"]
[Round "3"]
[White "Soural, Jan"]
[Black "Smid, Miroslav"]
[Result "1/2-1/2"]
[WhiteElo "2227"]
[BlackElo "2215"]
[PlyCount "28"]
[EventDate "2007.09.??"]
[EventType "swiss"]
[EventRounds "9"]
[EventCountry "CZE"]
[SourceDate "2007.10.10"]

1. d4 Nf6 2. Nf3 g6 3. g3 Bg7 4. Bg2 d5 5. O-O c6 6. c4 dxc4 7. Qc2 b5 8. Nbd2
Bb7 9. b3 cxb3 10. Nxb3 O-O 11. Nc5 Bc8 12. Rd1 Nbd7 13. Bf4 Qb6 14. Nd3 Bb7
1/2-1/2

[Event "Prazsky pohar 2007"]
[Site "Praha"]
[Date "2007.10.22"]
[Round "3"]
[White "Plasek, Zdenek"]
[Black "Srba, Milan"]
[Result "0-1"]
[WhiteElo "2136"]
[BlackElo "2225"]
[PlyCount "71"]
[EventDate "2007.09.??"]
[EventType "swiss"]
[EventRounds "9"]
[EventCountry "CZE"]
[SourceDate "2007.10.10"]

{Partie bude doplnena pozdeji.} 1. d4 Nf6 2. c4 c6 3. Nc3 d5 4. Nf3 e6 5. e3
Nbd7 6. Qc2 Bd6 7. b3 O-O 8. Be2 Re8 9. O-O Qc7 10. Rd1 e5 11. cxd5 e4 12. dxc6
exf3 13. cxd7 Bxh2+ 14. Kh1 fxg2+ 15. Kxg2 Bxd7 16. Bf3 Rac8 17. Bb2 Ng4 18.
Bxg4 Bxg4 19. Rh1 Re6 20. f4 Rxe3 21. Qf2 Bxf4 22. Nd5 Qc6 23. Qxf4 Qxd5+ 24.
Kg1 Re4 25. Qg3 Bd7 26. Rh4 Rxh4 27. Qxh4 Bc6 28. Qh2 Re8 29. Rf1 h6 30. Qh3
Re6 31. Rf2 Re1+ 32. Rf1 Qg5+ 33. Kf2 Qd2+ 34. Kg1 Re6 35. Rf2 Rg6+ 36. Kh2 0-1

[Event "Prazsky pohar 2007"]
[Site "Praha"]
[Date "2007.10.22"]
[Round "?"]
[White "Pirklova, Hana"]
[Black "Haba, Zdenek"]
[Result "1/2-1/2"]
[WhiteElo "2181"]
[BlackElo "2201"]
[PlyCount "80"]
[EventDate "2007.09.??"]
[EventType "swiss"]
[EventRounds "9"]
[EventCountry "CZE"]
[SourceDate "2007.10.10"]

1. e4 c5 2. Nf3 e6 3. d4 cxd4 4. Nxd4 a6 5. Nc3 b5 6. Be3 Bb7 7. Bd3 d6 8. O-O
Nf6 9. a3 Be7 10. f4 Nbd7 11. Nb3 O-O 12. g4 Nc5 13. Nxc5 dxc5 14. g5 Nd7 15.
Qh5 c4 16. Be2 Qc7 17. f5 exf5 18. exf5 Qe5 19. Qh3 Bc5 20. Bxc5 Qxc5+ 21. Rf2
Rfe8 22. g6 fxg6 23. fxg6 Nf6 24. gxh7+ Kh8 25. Rd1 Re3 26. Qf5 Re5 27. Qf4
Rae8 28. Qd4 Qc6 29. Bf3 Qc8 30. Bxb7 Qxb7 31. Rg2 a5 32. Rf1 b4 33. Nd1 Re2
34. Rxe2 Rxe2 35. Ne3 b3 36. cxb3 Qc7 37. Rxf6 Qxh2+ 38. Kf1 gxf6 39. Qxf6+
Kxh7 40. Qf5+ Kh8 1/2-1/2

[Event "Prazsky pohar 2007"]
[Site "Praha"]
[Date "2007.10.22"]
[Round "3"]
[White "Siktanc, Petr"]
[Black "Smutny, Jan"]
[Result "1-0"]
[WhiteElo "2162"]
[BlackElo "2170"]
[PlyCount "83"]
[EventDate "2007.09.??"]
[EventType "swiss"]
[EventRounds "9"]
[EventCountry "CZE"]
[SourceDate "2007.10.10"]

1. d4 c5 2. d5 b5 3. e4 a6 4. a4 b4 5. Be3 d6 6. Nd2 g6 7. Bd3 Bg7 8. Nc4 Nf6
9. h3 O-O 10. Nf3 a5 11. O-O Ba6 12. Nfd2 Nbd7 13. Re1 Qc7 14. Qe2 Bxc4 15.
Bxc4 Nb6 16. Bb5 Nfd7 17. Rab1 e5 18. c3 Kh8 19. cxb4 axb4 20. b3 f5 21. f3 f4
22. Bf2 Nf6 23. Bc6 Ra7 24. Ra1 Nc8 25. Nc4 g5 26. Rec1 Rg8 27. Nxd6 Nxd6 28.
Bxc5 g4 29. hxg4 Bf8 30. Qe1 Ndxe4 31. fxe4 Bxc5+ 32. Rxc5 Qb6 33. Rac1 Rag7
34. d6 Nxg4 35. Qh4 Rg5 36. d7 Ne3 37. Kh1 Nxg2 38. Qh2 Qd8 39. Bd5 Qxd7 40.
Rc7 R8g7 41. Rxd7 Rxd7 42. Qh6 1-0

[Event "Prazsky pohar 2007"]
[Site "Praha"]
[Date "2007.10.30"]
[Round "4"]
[White "Sodoma, Jan"]
[Black "Seleljo, Daniel"]
[Result "1/2-1/2"]
[WhiteElo "2328"]
[BlackElo "2259"]
[PlyCount "22"]
[EventDate "2007.09.??"]
[EventType "swiss"]
[EventRounds "9"]
[EventCountry "CZE"]
[SourceDate "2007.10.10"]

1. e4 d6 2. d4 Nf6 3. Nc3 c6 4. Be3 e5 5. dxe5 dxe5 6. Qxd8+ Kxd8 7. Bc4 Ke8 8.
f3 Nbd7 9. O-O-O Bc5 10. Bxc5 Nxc5 11. Nge2 Be6 1/2-1/2

[Event "Prazsky pohar 2007"]
[Site "Praha"]
[Date "2007.10.30"]
[Round "4"]
[White "Smid, Miroslav"]
[Black "Kubecka, David"]
[Result "0-1"]
[WhiteElo "2215"]
[BlackElo "2271"]
[PlyCount "80"]
[EventDate "2007.09.??"]
[EventType "swiss"]
[EventRounds "9"]
[EventCountry "CZE"]
[SourceDate "2007.10.10"]

1. d4 Nf6 2. Nf3 g6 3. Bg5 Bg7 4. Nbd2 O-O 5. e3 d6 6. Bd3 c5 7. c3 a6 8. O-O
Nbd7 9. h3 Qc7 10. Qe2 b6 11. e4 h6 12. Bh4 e5 13. dxe5 dxe5 14. Rfd1 Bb7 15.
Qe3 Kh7 16. a4 g5 17. Bg3 Nh5 18. Bh2 Nf4 19. Bf1 Rfd8 20. Nc4 Nf8 21. h4 f6
22. hxg5 fxg5 23. g3 N8g6 24. gxf4 exf4 25. Qe2 g4 26. Ng5+ hxg5 27. Qxg4 Nh4
28. Bg2 Nxg2 29. Qxg2 Bh6 30. f3 g4 31. fxg4 Rg8 32. Kf2 Rad8 33. Qf3 Qe7 34.
Rxd8 Qxd8 35. Kf1 Qh4 36. Bg1 Rxg4 37. Rd1 Rg3 38. Rd7+ Bg7 39. Qd1 Qh3+ 40.
Ke2 Qg4+ 0-1

[Event "Prazsky pohar 2007"]
[Site "Praha"]
[Date "2007.10.30"]
[Round "4"]
[White "Srba, Milan"]
[Black "Blumel, Otto"]
[Result "1/2-1/2"]
[WhiteElo "2225"]
[BlackElo "2213"]
[PlyCount "31"]
[EventDate "2007.09.??"]
[EventType "swiss"]
[EventRounds "9"]
[EventCountry "CZE"]
[SourceDate "2007.10.10"]

1. e4 c5 2. Nf3 Nc6 3. d4 cxd4 4. Nxd4 e5 5. Nb5 a6 6. N5c3 Nf6 7. Bg5 Bc5 8.
Bc4 b5 9. Bd5 h6 10. Bxf6 Qxf6 11. O-O Rb8 12. Bb3 Ne7 13. Nd5 Nxd5 14. Qxd5
Bd4 15. c3 Ba7 16. Nd2 1/2-1/2

[Event "Prazsky pohar 2007"]
[Site "Praha"]
[Date "2007.10.30"]
[Round "4"]
[White "Siktanc, Petr"]
[Black "Erneker, Josef"]
[Result "1-0"]
[WhiteElo "2162"]
[BlackElo "2217"]
[PlyCount "87"]
[EventDate "2007.09.??"]
[EventType "swiss"]
[EventRounds "9"]
[EventCountry "CZE"]
[SourceDate "2007.10.10"]

1. d4 Nf6 2. Nf3 g6 3. Bg5 Bg7 4. Nbd2 O-O 5. c3 d5 6. e3 Nc6 7. Be2 Ne8 8. O-O
Nd6 9. b4 f6 10. Bh4 Be6 11. Qb3 Bf7 12. Qc2 Re8 13. Rfd1 Kh8 14. Bg3 a6 15. a3
e5 16. dxe5 fxe5 17. e4 d4 18. Bh4 Qc8 19. c4 Bg8 20. Bd3 Nd8 21. c5 Nb5 22.
Bxb5 axb5 23. a4 Nc6 24. Rdb1 Qe6 25. h3 Ra7 26. a5 Nd8 27. Ra3 Qc6 28. Rba1
Ne6 29. Bg3 Nf4 30. Bxf4 exf4 31. Qd3 Qd7 32. a6 b6 33. cxb6 cxb6 34. e5 Bxe5
35. Nxe5 Rxe5 36. Nf3 Rd5 37. Qe4 Qd6 38. Rd3 Kg7 39. Rxd4 Re7 40. Qd3 Rxd4 41.
Nxd4 Qxb4 42. Nc6 Qb2 43. Rb1 Qe2 44. Qd4+ 1-0

[Event "Prazsky pohar 2007"]
[Site "Praha"]
[Date "2007.10.30"]
[Round "4"]
[White "Haba, Zdenek"]
[Black "Soural, Jan"]
[Result "1/2-1/2"]
[WhiteElo "2201"]
[BlackElo "2227"]
[PlyCount "73"]
[EventDate "2007.09.??"]
[EventType "swiss"]
[EventRounds "9"]
[EventCountry "CZE"]
[SourceDate "2007.10.10"]

1. d4 Nf6 2. c4 g6 3. Nc3 Bg7 4. e4 d6 5. Bg5 h6 6. Bf4 Nc6 7. f3 O-O 8. d5 e5
9. Be3 Nd4 10. Nge2 c5 11. dxc6 bxc6 12. Nxd4 exd4 13. Bxd4 d5 14. cxd5 cxd5
15. Be2 dxe4 16. O-O Bb7 17. Bc5 Re8 18. fxe4 Nxe4 19. Nxe4 Rxe4 20. Bf3 Bd4+
21. Bxd4 Rxd4 22. Qb3 Bd5 23. Bxd5 Qxd5 24. Qxd5 Rxd5 25. Rad1 Rad8 26. Rxd5
Rxd5 27. Rc1 Rd2 28. Rc8+ Kg7 29. Ra8 Rxb2 30. Rxa7 h5 31. h4 Kf6 32. a4 Ra2
33. Kh2 Ra3 34. a5 Ra4 35. Kh3 Ra3+ 36. Kh2 Ra4 37. Kh3 1/2-1/2